Capitales de diverses îles, pays insulaires, départements etc. - Statistiques

Statistiques générales
  • Ce quiz a été pris 371 fois
    241 depuis la dernière actualisation
  • Le résultat moyen est 16 sur 55
Statistiques - réponses
Territoires Capitales % Correct
Nouvelle-Calédonie Nouméa
70%
Gibraltar Gibraltar
60%
Polynésie française Papeete
60%
Porto Rico San Juan
60%
Guadeloupe Basse-Terre
55%
Martinique Fort-de-France
55%
Groenland Nuuk
55%
La Réunion Saint-Denis
50%
Guyane française Cayenne
45%
Curaçao Willemstad
45%
Hawaï Honolulu
40%
Mayotte Mamoudzou
40%
Samoa américaines Pago Pago
40%
Saint-Pierre-et-Miquelon Saint-Pierre
40%
Iles Pitcairn Adamstown
35%
Niué Alofi
35%
Sint Maarten (Pays-Bas) Philipsburg
35%
Iles Vierges britanniques Road Town
35%
Jersey Saint-Helier
35%
Îles Turks-et-Caïques Cockburn Town
30%
Madère Funchal
30%
Saint-Barthélemy Gustavia
30%
Guam Hagåtña
30%
Saint-Martin (France) Marigot
30%
Wallis-et-Futuna Matā'utu
30%
Iles Vierges des Etats-Unis Charlotte Amalie
25%
Ile de Man Douglas
25%
Ile Christmas Flying Fish Cove
25%
Bermudes Hamilton
25%
Aruba Oranjestad
25%
Îles Baléares Palma
25%
Anguilla The Valley
25%
Iles Féroé Tórshavn
25%
Iles Cocos West Island
25%
Iles Cook Avarua
20%
Iles Caïmans George Town
20%
Ile Norfolk Kingston
20%
Montserrat Plymouth, Brades
20%
Iles Malouines Port Stanley
20%
Guernesey Saint-Pierre-Port
20%
Iles Mariannes du Nord Saipan
20%
Hokkaidō Sapporo
20%
Île de Pâques Hanga Roa
15%
Tasmanie Hobart
15%
Jeju-do Jeju
15%
Åland Mariehamn
15%
Voïvodine Novi Sad
15%
Géorgie du Sud-et-les îles Sandwich du Sud King Edward Point
10%
Îles Andaman-et-Nicobar Port Blair
10%
Tokelau Atafu, Nukunonu, Fakaofo
5%
Adjarie Batoumi
5%
Gagaouzie Comrat
5%
Bangsamoro Cotabato
5%
Azad Cachemire Muzaffarabad
5%
Karakalpakstan Noukous
5%
Aucun quiz correspondant
Distribution des résultats
% des personnes avec chaque résultat
Percentile par nombre de réponses
Votre historique - résultats
Vous n’avez pas pris ce quiz depuis la dernière actualisation